La Educación superior y los retos del desarrollo /
Guardado en:
| Hovedforfatter: | |
|---|---|
| Format: | Texto |
| Fag: | |
| Tags: |
Tilføj Tag
Ingen Tags, Vær først til at tagge denne postø!
|
MARC
| LEADER | 00000 a a2200000 04500 | ||
|---|---|---|---|
| 001 | 76 | ||
| 003 | |||
| 040 | |||
| 100 | |a Fischel Volio, Astrid | ||
| 245 | |a La Educación superior y los retos del desarrollo / |c Astrid Fischel Volio | ||
| 500 | |a Conferencia dictada en la lección inaugural del ciclo lectivo 1998, Universidad Nacional, 9 marzo 1998 | ||
| 650 | |a EDUCACION | ||
| 650 | |a UNIVERSIDADES | ||
| 650 | |a DESARROLLO ECONOMICO Y SOCIAL | ||
| 650 | |a SOCIEDAD | ||
| 650 | |a CULTURA | ||
| 650 | |a CONDICIONES SOCIALES | ||
| 650 | |a CONDICIONES ECONOMICAS | ||
| 650 | |a CAMBIO SOCIAL | ||
| 650 | |a CAMBIO CULTURAL | ||
| 773 | |g número 27 -28; páginas 27-36 | ||
| 999 | |c 37942 |d 37942 | ||
| 773 | 0 | |0 18806 |9 2155 |a Universidad Nacional de Costa Rica |d Heredia: C.R.: EUNA |o 02535 |t ABRA |x 14093928 | |
